Non - European Capitals - Sudden Death - Statistics

General Stats
  • This quiz has been taken 71 times
  • The average score is 6 of 12
Answers on the Grid
Answers color-coded by a green-red scale on the quiz's grid according to % correct below.
Paris
Tunis
Suva
Warsaw
Podgorica
Tirana
Kyiv
Beijing
Seoul
Bucharest
Dublin
Reykjavik
Lisbon
Cape Town || Bloemfontein || Pretoria
New Delhi
Auckland
Canberra
Bonn
Liege
Havana
Port Of Spain
London
Saint Pierre
Ottawa
Buenos Aires
Valletta
Salzburg
Athens
Tehran
Helsinki
 
Answer Stats
Answer % Correct
Tunis
93%
Beijing
80%
Suva
78%
Cape Town || Bloemfontein || Pretoria
74%
Seoul
74%
New Delhi
52%
Canberra
33%
Buenos Aires
30%
Ottawa
30%
Tehran
30%
Havana
26%
Port Of Spain
26%
No matching quizzes found
Score Distribution
Percent of People with Each Score
Percentile by Number Answered
Your Score History
You have not taken this quiz